000 00577nam a2200217 i 4500
001 bg
100 1 _aKÉZDI, Árpád
245 1 0 _aHandbook of soil mechanics. Vol.1, Soil physics /
_cby Árpád Kézdzi.
260 _aBudapest :
_bAkadémiai Kiadó,
_c1974.
300 _a294 s. ;
_cil. +
_e30 cm.
504 _aBibliogr.
650 9 _aMechanika gruntów
_xteoria
650 9 _aGrunt
_xfizyka
020 _a963 05 0088 4
040 _cBPK
041 0 _aen
080 _a624.131
920 _a963 05 0088 4
942 _cKS
008 s pl f |000 0 pol
999 _c43235
_d43235
856 _uhttp://koha.tu.koszalin.pl/cgi-bin/koha/opac-detail.pl?biblionumber=43235
_yKatalog online BPK